[Event "Tata Steel GCT Blitz 2019"]
[Site "Kolkata"]
[Date "2019.11.25"]
[Round "9"]
[White "Nakamura, Hikaru"]
[Black "Vidit, Santosh Gujrathi"]
[Result "1/2-1/2"]
[WhiteElo "2741"]
[BlackElo "2722"]
[Annotator "TA"]
[PlyCount "71"]
[EventDate "2019.11.25"]
[EventType "tourn"]
[EventCountry "IND"]
[SourceTitle "playchess.com"]
[Source "ChessBase"]
[SourceQuality "1"]

{[%evp 12,71,-27,-14,4,-13,-12,-17,1,0,33,0,8,0,29,22,36,14,18,10,23,14,26,8,11,9,12,0,10,0,0,0,0,0,0,0,0,0,0,-10,0,0,0,0,0,-10,4,-4,-7,-6,-7,-22,-11,-14,-8,-24,0,-17,0,-19,0,-33]} 1. d4 Nf6 2. Bg5 d5 3. Nc3 c6 4. Qd3 Nbd7 {[%cal Bb8d7,Bd7f6,Bf6e4][%mdl 32]} 5. e4 dxe4 6. Nxe4 Nxe4 7. Qxe4 h6 {D01: Veresov Opening} (7... Qb6 8. b3 Nf6 9. Qd3 g6 10. Bxf6 exf6 11. Qe3+ Be7 12. Bc4 Qa5+ 13. Kf1 b5 14. Bd3 Be6 15. Ne2 {1-0 (55) Graf,F (2488)-Heberla,B (2567) Germany 2014}) 8. Be3 $146 ({Predecessor:} 8. Bh4 g5 9. Bg3 Nf6 10. Qe5 Bg7 11. O-O-O Nh5 12. Qe4 Nxg3 13. hxg3 Qa5 14. Bc4 Bf5 15. Qe3 {0-1 (52) Mladenov,P (2405)-Guichard,P (2342) Condom 2013}) 8... Nf6 9. Qd3 Qa5+ 10. Bd2 Qf5 11. Qb3 Ne4 12. Be3 Qa5+ 13. c3 e6 14. Bd3 Nf6 15. Nf3 Bd6 16. O-O O-O 17. Rae1 Qc7 18. Ne5 c5 19. f4 b6 20. Qc2 Bb7 21. Qe2 Rad8 22. Bc2 cxd4 23. Bxd4 Bc5 24. Bxc5 Qxc5+ 25. Rf2 Rd6 26. Qc4 Rc8 27. Qxc5 Rxc5 28. h3 b5 29. Bb3 a5 30. a3 Ne4 31. Rfe2 Ng3 32. Re3 Nf5 33. R3e2 Ng3 34. Re3 {The position is equal.} Nf5 35. R3e2 Ng3 36. Re3 {Accuracy: White = 64%, Black = 45%.} 1/2-1/2

[Event "Tata Steel GCT Blitz 2019"]
[Site "Kolkata"]
[Date "2019.11.26"]
[Round "10"]
[White "Nakamura, Hikaru"]
[Black "Giri, Anish"]
[Result "1/2-1/2"]
[WhiteElo "2741"]
[BlackElo "2776"]
[Annotator "TA"]
[PlyCount "106"]
[EventDate "2019.11.25"]
[EventType "tourn"]
[EventCountry "IND"]
[SourceTitle "playchess.com"]
[Source "ChessBase"]
[SourceQuality "1"]

{[%evp 15,106,31,41,41,32,12,10,33,31,4,25,8,20,16,20,0,0,0,30,17,29,17,20,8,20,8,126,121,130,132,196,193,203,188,181,181,178,181,169,105,113,92,144,96,106,118,142,147,291,289,283,183,174,140,138,31,80,0,0,0,0,0,59,57,756,732,742,214,275,218,472,21,21,21,18,15,15,0,0,0,0,0,0,0,0,0,0,0,0,0,0,0,15]} 1. d4 d5 2. c4 c6 3. Nf3 Nf6 4. e3 Bf5 5. Nc3 e6 6. Nh4 Be4 7. f3 Bg6 8. Qb3 Qc7 9. Bd2 {D12: Slav Defence: 3 Nf3 Nf6 4 e3 Bf5} Be7 10. Rc1 $146 (10. O-O-O dxc4 11. Bxc4 b5 12. Be2 a6 13. Nxg6 hxg6 14. Ne4 Nxe4 15. fxe4 c5 16. d5 exd5 17. exd5 {½-½ (38) Ding,L (2811)-Shankland,S (2705) chess.com INT 2019}) ({Predecessor:} 10. g3 O-O 11. Nxg6 hxg6 12. Rc1 dxc4 13. Bxc4 {½-½ (32) Lupulescu,C (2609)-Feller,S (2573) Germany 2017}) 10... Nbd7 11. g3 dxc4 12. Bxc4 O-O 13. Nxg6 hxg6 14. O-O e5 15. dxe5 Nxe5 16. Be2 Rad8 17. Rcd1 b5 18. Kg2 a6 19. Qc2 c5 20. e4 b4 (20... Nc6 $11 {remains equal.}) 21. Na4 $16 Nc6 22. Be3 (22. Bxa6 Qa5 $19) 22... Qe5 (22... Nd7 $16 {is a better defense.} 23. Rd2 (23. Nxc5 Nxc5 24. f4 Nb8 $17) (23. Bxa6 Qa7 $16) (23. Bxc5 $2 Nxc5 24. Rc1 Nd4 $19) 23... Qa7) 23. Nxc5 $18 Nd4 24. Bxd4 Rxd4 25. Rxd4 Qxd4 26. Nb3 Qe5 27. Bc4 ({Better is} 27. Rd1 $18) 27... g5 28. Re1 Rd8 (28... a5 $142) 29. Nd2 a5 30. Bb3 Qd4 31. Nc4 Rc8 {[#]} (31... Qc5 $16 32. e5 Nd5) 32. e5 $1 {[%cal Re5f6]} Nd5 {intending ...a4.} 33. Re4 Qc5 34. Qe2 {aiming for Nd6!} Rd8 35. e6 (35. Nd6 $16 {Threatens to win with Nb7.} Bxd6 36. exd6) 35... f6 36. Nd2 ({White should play} 36. Ba4 $16) 36... Nb6 $11 37. Nf1 {[%cal Bd2f1,Bf1e3,Be3f5][%mdl 32]} a4 38. Bc2 $1 Qd5 ({Black should try} 38... g6 $11) 39. Ne3 $14 Qxa2 $2 {[%mdl 8192]} (39... Qd2 $14 40. Nf1 Qc1) 40. Nf5 $18 Kf8 41. Rxb4 $2 (41. Nxe7 Kxe7 42. Qa6 Rd2+ 43. Kh3) 41... Nd5 42. Rb7 {[#] And now Qb5 would win.} ({Less strong is} 42. Rxa4 Qxb2 43. Ra7 Rc8 $16) 42... a3 $2 (42... g6 {might work better.}) 43. Bb3 $2 (43. Qa6 $18) 43... Qxb2 $11 {The position is equal.} 44. Qxb2 axb2 45. Bxd5 Rxd5 46. Nxe7 (46. Rb8+ {feels hotter.} Rd8 47. Rxb2 g6 48. Nh6 Rd6 49. Re2) 46... b1=Q 47. Rxb1 Kxe7 {[%mdl 4096] Endgame KR-KR} 48. Rb6 Rd6 49. Rb7+ Kxe6 50. Rxg7 Rd2+ 51. Kg1 Rd1+ 52. Kg2 Rd2+ 53. Kg1 Ke5 {Accuracy: White = 49%, Black = 49%.} 1/2-1/2

[Event "Tata Steel GCT Blitz 2019"]
[Site "Kolkata"]
[Date "2019.11.26"]
[Round "11"]
[White "Giri, Anish"]
[Black "Carlsen, Magnus"]
[Result "1/2-1/2"]
[WhiteElo "2776"]
[BlackElo "2870"]
[Annotator "TA"]
[PlyCount "58"]
[EventDate "2019.11.25"]
[EventType "tourn"]
[EventCountry "IND"]
[SourceTitle "playchess.com"]
[Source "ChessBase"]
[SourceQuality "1"]

{[%evp 15,58,0,13,-4,3,-2,7,0,0,0,10,10,9,9,11,0,2,9,11,0,0,0,0,0,0,0,0,-17,-22,-87,0,-14,0,0,0,-10,0,0,0,0,73,63,86,94,92]} 1. d4 d5 2. c4 c6 3. Nf3 Nf6 4. Nc3 e6 5. e3 Nbd7 6. Qc2 Bd6 7. Bd3 dxc4 8. Bxc4 b5 9. Bd3 {D46: Semi-Slav: 5 e3 Nbd7 6 Bd3, Black avoids the Meran} (9. Be2 O-O 10. O-O a6 11. Rd1 Qc7 12. e4 e5 13. g3 Re8 14. a3 exd4 15. Nxd4 Be5 16. Bf3 c5 17. Nde2 Bb7 18. Be3 c4 19. b4 cxb3 20. Qxb3 Nc5 21. Bxc5 Qxc5 {½-½ (68) Mamedyarov,S (2764)-Carlsen,M (2882) Saint Louis 2019}) 9... Bb7 10. O-O a6 11. a4 {[%cal Ra4b5] The position is equal.} O-O 12. e4 e5 13. dxe5 $146 ({Predecessor:} 13. Rd1 Qc7 14. dxe5 Nxe5 15. Nxe5 Bxe5 16. h3 h6 17. Be3 {0-1 (61) Kalamoukou,G (1346)-Tran,A (1735) Bratislava 2019}) 13... Nxe5 14. Nxe5 Bxe5 15. h3 b4 16. Ne2 c5 17. f3 Rc8 {[#] Hoping for ...c4!} 18. Bc4 Nd7 19. Rd1 Qe7 20. a5 Bb8 21. Bf4 Ne5 22. Rd2 (22. Rac1 $11) 22... Qf6 (22... Nxc4 $17 23. Qxc4 Bxf4 24. Nxf4 Qg5) 23. Bg3 h5 24. Rad1 h4 25. Bh2 Nxc4 26. Qxc4 {Bxb8 is the strong threat.} Bxh2+ 27. Kxh2 Bc6 (27... Rfd8 $11 {keeps the balance.}) 28. Qxa6 $16 c4 29. Kh1 ({Much weaker is} 29. Qxc4 Ba4 $11) 29... c3 {Accuracy: White = 64%, Black = 47%.} 1/2-1/2

[Event "Tata Steel GCT Blitz 2019"]
[Site "Kolkata"]
[Date "2019.11.26"]
[Round "11"]
[White "So, Wesley"]
[Black "Nepomniachtchi, Ian"]
[Result "1/2-1/2"]
[WhiteElo "2760"]
[BlackElo "2773"]
[Annotator "TA"]
[PlyCount "43"]
[EventDate "2019.11.25"]
[EventType "tourn"]
[EventCountry "IND"]
[SourceTitle "playchess.com"]
[Source "ChessBase"]
[SourceQuality "1"]

{[%evp 26,27,22,18]} 1. d4 Nf6 2. c4 g6 3. Nc3 d5 4. cxd5 Nxd5 5. e4 Nxc3 6. bxc3 Bg7 7. Nf3 c5 8. Rb1 O-O 9. Be2 Bg4 10. Rxb7 Bxf3 11. Bxf3 cxd4 12. cxd4 Bxd4 13. O-O Nc6 14. Qa4 {[#]} {Predecessor:} Qc8 $146 15. Rb3 Qe6 16. e5 Rac8 17. Bxc6 Qxc6 18. Qxd4 Qxc1 19. e6 Qc5 20. exf7+ Rxf7 21. Qd1 Rc6 22. Re3 {½-½ (32) Andreikin,D (2719)-Nepomniachtchi,I (2763) St Petersburg 2018} 1/2-1/2

[Event "Tata Steel GCT Blitz 2019"]
[Site "Kolkata"]
[Date "2019.11.26"]
[Round "11"]
[White "Anand, Viswanathan"]
[Black "Aronian, Levon"]
[Result "1/2-1/2"]
[WhiteElo "2757"]
[BlackElo "2772"]
[Annotator "TA"]
[PlyCount "66"]
[EventDate "2019.11.25"]
[EventType "tourn"]
[EventCountry "IND"]
[SourceTitle "playchess.com"]
[Source "ChessBase"]
[SourceQuality "1"]

{[%evp 9,66,14,25,10,20,0,16,0,4,0,8,0,2,4,12,-27,-17,-23,0,0,12,9,9,17,23,0,0,0,0,0,0,0,25,22,25,24,26,16,26,26,56,52,47,42,70,78,195,87,122,116,120,0,0,0,0,0,0,0,0]} 1. e4 e5 2. Nf3 Nc6 3. Bb5 Nf6 4. d3 Bc5 5. Bxc6 dxc6 6. Nbd2 {C65: Ruy Lopez: Berlin Defence (3...Nf6), unusual lines and 4 0-0 Bc5} Nd7 (6... Be6 7. O-O Nd7 8. Nb3 Bb6 9. Ng5 Bxb3 10. axb3 Qe7 11. Nf3 O-O 12. Nd2 Nc5 13. Nc4 f6 {1-0 (102) Dominguez Perez,L (2763)-Wang,H (2726) Khanty-Mansiysk 2019}) 7. c3 O-O 8. O-O Re8 9. Nc4 Bf8 10. Be3 $146 ({Predecessor:} 10. Qe2 b6 11. Be3 Qe7 12. Rad1 Ba6 13. Rd2 Rad8 {0-1 (21) McKerracher,D (2006)-Kostanjsek,Z (2177) Opatija 2013}) 10... a5 11. Qc2 a4 12. d4 exd4 13. cxd4 Nb6 {With the idea ...Nxc4.} 14. Ncd2 h6 15. Ne5 Bb4 16. f3 Be6 17. Nd3 Bxd2 18. Qxd2 Nc4 19. Qe2 Nxe3 20. Qxe3 Bc4 21. Rfc1 Bxd3 22. Qxd3 Ra5 23. Rc4 Qd6 24. Qc3 Rh5 25. g3 Ra8 26. e5 Qe6 27. Re1 f5 (27... Rf5 $16) 28. Qc2 (28. f4 $18 {and White stays clearly on top.}) 28... f4 {[#]} 29. g4 $1 {[%cal Rg4h5]} ({Worse is} 29. Rxa4 Rxa4 30. Qxa4 fxg3 $15) 29... Rh4 30. Rxa4 (30. d5 $16 Qxd5 31. Rxf4) 30... Rxg4+ $1 $11 {The position is equal.} 31. fxg4 Qxg4+ 32. Kh1 Qf3+ 33. Kg1 Qg4+ $1 {Accuracy: White = 49%, Black = 51%.} 1/2-1/2

[Event "Tata Steel GCT Blitz 2019"]
[Site "Kolkata"]
[Date "2019.11.26"]
[Round "11"]
[White "Nakamura, Hikaru"]
[Black "Harikrishna, Pentala"]
[Result "1-0"]
[WhiteElo "2741"]
[BlackElo "2731"]
[Annotator "TA"]
[PlyCount "71"]
[EventDate "2019.11.25"]
[EventType "tourn"]
[EventCountry "IND"]
[SourceTitle "playchess.com"]
[Source "ChessBase"]
[SourceQuality "1"]

{[%evp 23,71,5,52,29,56,49,57,50,42,48,44,41,67,20,33,35,48,32,42,20,32,19,38,42,74,77,81,74,62,65,129,131,175,185,208,201,197,181,176,185,208,208,234,234,1002,1002,727,726,722,722]} 1. e4 e5 2. Nc3 Nf6 3. g3 d5 4. exd5 Nxd5 5. Bg2 Nxc3 6. bxc3 Bd6 7. Nf3 O-O 8. O-O Nc6 9. Rb1 Rb8 10. d4 exd4 11. cxd4 Bg4 12. h3 Bh5 13. Rb5 {C47: Scotch Four Knights and Four Knights with 4 g3} (13. c4 Bg6 14. Rb2 Ba3 15. Rxb7 Rxb7 16. Bxa3 Re8 17. Ne5 Nxe5 18. Bxb7 Nxc4 19. Bc5 Qd7 20. Re1 Rxe1+ 21. Qxe1 {1-0 (38) Collins,S (2455)-Kazhgaleyev,M (2594) chess.com INT 2017}) 13... Bg6 14. Nh4 Qd7 15. Nxg6 {White is slightly better.} hxg6 16. c4 b6 $146 ({Predecessor:} 16... a6 17. Rg5 Rfe8 18. h4 b5 19. h5 gxh5 20. Qxh5 Bf8 21. Bd5 Nb4 22. Kg2 Nxd5 23. Rh1 f5 24. Rxf5 {1-0 (24) Bobras,P (2330)-Murawski,G (2275) Krynica 1997}) 17. Be3 Rfe8 18. Qd3 Rbd8 19. Rd1 Ne7 20. g4 c6 21. Rb3 Qc7 22. Qd2 c5 23. Rd3 {dxc5 is the strong threat.} cxd4 24. Rxd4 Bh2+ 25. Kh1 {[%cal Rd4d8]} Rxd4 26. Qxd4 Be5 ({Better is} 26... Nc8 $14) 27. Qd7 $16 Qxd7 28. Rxd7 Nc8 29. Bd5 Ne7 30. Rxa7 Nxd5 31. cxd5 $18 {KRB-KRB} Rd8 32. Bxb6 Rxd5 33. a4 Bd4 $2 (33... Bc3 34. Kg2 f6) 34. Ra8+ {White is clearly winning.} Kh7 {[#]} 35. Rd8 $1 Rxd8 36. Bxd8 {Accuracy: White = 90%, Black = 41%.} 1-0

[Event "Tata Steel GCT Blitz 2019"]
[Site "Kolkata"]
[Date "2019.11.26"]
[Round "12"]
[White "Carlsen, Magnus"]
[Black "Nakamura, Hikaru"]
[Result "1/2-1/2"]
[WhiteElo "2870"]
[BlackElo "2741"]
[Annotator "TA"]
[PlyCount "40"]
[EventDate "2019.11.25"]
[EventType "tourn"]
[EventCountry "IND"]
[SourceTitle "playchess.com"]
[Source "ChessBase"]
[SourceQuality "1"]

{[%evp 16,40,9,16,15,13,10,0,0,0,22,0,6,-6,-5,-13,0,0,0,-8,-9,-9,-9,-7,0,-3,-3]} 1. e4 e5 2. Nf3 Nc6 3. Bb5 Nf6 4. O-O Nxe4 5. Re1 Nd6 6. Nxe5 Be7 7. Bf1 Nxe5 8. Rxe5 O-O 9. d4 {The position is equal.} Ne8 {C67: Ruy Lopez: Berlin Defence: 4 0-0 Nxe4} (9... Bf6 10. Re1 Re8 11. c3 Rxe1 12. Qxe1 Ne8 13. d5 c6 14. Qd1 b6 15. Bf4 Bb7 16. dxc6 dxc6 17. Nd2 c5 18. Nc4 Qxd1 19. Rxd1 {½-½ (40) Anand,V (2774)-Caruana,F (2819) Karlsruhe/Baden Baden 2019}) 10. Re1 d5 11. Bf4 Bd6 12. Be5 c6 13. c3 Bxe5 $146 ({Predecessor:} 13... Bf5 14. Bd3 Bxd3 15. Qxd3 f6 16. Bxd6 Nxd6 17. Nd2 {½-½ (32) Szabo,K (2510)-Pacher,M (2493) Austria 2016}) 14. Rxe5 Nd6 15. Bd3 g6 16. Nd2 f6 17. Re3 Bf5 18. Nb3 b6 19. Bxf5 Nxf5 20. Re2 Qd7 1/2-1/2

[Event "Tata Steel GCT Blitz 2019"]
[Site "Kolkata"]
[Date "2019.11.26"]
[Round "13"]
[White "Carlsen, Magnus"]
[Black "Harikrishna, Pentala"]
[Result "1-0"]
[WhiteElo "2870"]
[BlackElo "2731"]
[Annotator "TA"]
[PlyCount "131"]
[EventDate "2019.11.25"]
[EventType "tourn"]
[EventCountry "IND"]
[SourceTitle "playchess.com"]
[Source "ChessBase"]
[SourceQuality "1"]

{[%evp 24,131,0,0,21,0,39,37,39,32,62,-38,75,0,0,0,0,0,156,154,312,316,318,306,318,316,333,317,360,231,232,231,232,232,232,232,232,232,257,244,244,214,214,214,214,214,214,214,214,206,206,206,206,206,206,206,206,206,206,206,206,206,206,206,206,206,206,167,167,160,160,160,167,167,219,160,160,160,167,167,167,167,166,166,5538,5531,5531,5531,5406,2488,1089,779,736,584,29972,29973,29973,29974,29975,29976,29976,29974,29973,29973,29981,29982,29984,29985,29985,29986]} 1. d4 Nf6 2. c4 e6 3. Nf3 d5 4. Nc3 c5 5. e3 Nc6 6. cxd5 Nxd5 7. Bd3 Be7 8. O-O O-O 9. Qe2 cxd4 10. exd4 Nf6 11. Rd1 b6 12. a3 Bb7 13. Bg5 Re8 {D42: Queen's Gambit Declined: Semi-Tarrasch: 5 cxd5 Nxd5 6 e3 Nc6 7 Bd3} (13... Rc8 14. Bc2 Re8 15. h4 Nd5 16. Nxd5 exd5 17. Qd3 g6 18. b4 Rc7 19. Rac1 Qd6 20. Ba4 Rec8 21. Qd2 Bxg5 22. hxg5 {1-0 (38) Anton Guijarro,D (2654)-Nikolov,M (2585) Linares 2017}) 14. h4 $146 ({Predecessor:} 14. Ne4 Nd5 15. Bd2 Rc8 16. Rac1 Nf6 17. Bc3 Qc7 18. Ne5 Nxd4 19. Nxf6+ Bxf6 20. Bxh7+ Kxh7 21. Qh5+ {½-½ (38) Gamboa,N (2315)-Rodriguez Cespedes,A (2495) Bogota 1990}) 14... g6 15. Rac1 Rc8 {White is slightly better.} 16. Bb1 Na5 17. Ne5 (17. Ba2 $14) 17... Nd7 (17... Nb3 $15 {stays ahead.} 18. Rc2 Nxd4) 18. b4 (18. Qg4 $16) 18... Bxg5 (18... Nb3 $5 19. Rc2 $8 Bxg5 20. hxg5 Nxe5 21. Qxe5 Na1 $11) 19. hxg5 Nb3 ({Much weaker is} 19... Qxg5 20. f4 $14) 20. Rc2 $1 {aiming for Ba2.} Na1 $2 (20... Nxe5 $11 21. Qxe5 Na1) 21. Nxd7 $16 {Hoping for Nf6+.} Qxd7 $2 (21... Qxg5 $16 22. d5 exd5) 22. Ne4 $18 {[%mdl 64] [#] Overworked Piece} Bxe4 23. Rxc8 Rxc8 24. Bxe4 Nb3 25. Qe3 Qa4 {intending ...Na5.} 26. Rb1 Nxd4 27. Qxd4 Qxa3 28. b5 Rc1+ 29. Kh2 Rxb1 30. Bxb1 Qc1 31. Qd8+ Kg7 32. Bd3 Qf4+ 33. Kg1 h6 34. gxh6+ Qxh6 35. Qd4+ Kg8 36. Bf1 Qc1 37. Qd7 Qa1 38. g3 Kg7 39. Kg2 Qa4 40. Qd2 Qe4+ 41. Kg1 Qa4 42. Be2 Kg8 43. Kg2 Kg7 44. Qb2+ Kg8 45. Bf3 a6 46. bxa6 Qxa6 47. Bc6 Qa7 48. Qe5 Qa6 (48... Kh7 {was necessary.} 49. Qd6 Kg7) 49. Qc7 Kg7 50. Kh2 Kf8 51. Qd8+ Kg7 52. Qd4+ Kg8 53. Be8 {[#] Qd7 is the strong threat.} Qa7 $2 (53... Qa8) 54. Qd7 Qxd7 55. Bxd7 {[%mdl 4096] Endgame KB-KP} Kf8 56. Kg2 (56. Kh3 $142 Ke7 57. Bb5) 56... Ke7 57. Ba4 Kd6 58. Kf3 g5 59. Kg4 {White mates.} f6 60. Kh5 Ke5 61. Kg6 g4 62. Bd7 f5 63. Kf7 Ke4 64. Kxe6 b5 65. Bxb5 Kf3 66. Kxf5 {Accuracy: White = 69%, Black = 43%.} 1-0

[Event "Tata Steel GCT Blitz 2019"]
[Site "Kolkata"]
[Date "2019.11.26"]
[Round "13"]
[White "Giri, Anish"]
[Black "Nepomniachtchi, Ian"]
[Result "1/2-1/2"]
[WhiteElo "2776"]
[BlackElo "2773"]
[Annotator "TA"]
[PlyCount "50"]
[EventDate "2019.11.25"]
[EventType "tourn"]
[EventCountry "IND"]
[SourceTitle "playchess.com"]
[Source "ChessBase"]
[SourceQuality "1"]

{[%evp 17,50,9,9,0,2,7,20,0,5,9,11,9,13,14,6,-1,0,-3,0,0,4,0,0,0,0,0,0,0,0,-5,-4,-4,-4,-4,-5]} 1. Nf3 c5 2. c4 Nc6 3. Nc3 g6 4. e3 Nf6 5. d4 cxd4 6. exd4 d5 7. cxd5 Nxd5 8. Qb3 e6 9. Bb5 Bg7 {The position is equal.} 10. O-O {A35: Symmetrical English: 2 Nc3 Nc6 3 Nf3} O-O 11. Bxc6 bxc6 12. Re1 Qc7 13. Ne4 {[#]} c5 $1 {[%mdl 512]} 14. Nxc5 (14. dxc5 Bd7) 14... Bxd4 {[%mdl 64] Remove Defender} 15. Nxd4 {Strongly threatening Qa3.} Qxc5 16. Nf3 Qb6 {[#]} 17. Qa4 $146 ({Predecessor:} 17. Qxb6 axb6 18. Bd2 f6 19. Nd4 e5 20. Nc2 Bb7 21. Nb4 Rfc8 {½-½ (21) Malakhov,V (2654)-Cheparinov,I (2711) Zagreb 2018}) 17... Bb7 18. Ne5 {Nd7 is the strong threat.} Qb4 19. Qxb4 Nxb4 20. Rd1 Rfd8 {[%cal Rd8d1] [#]} 21. Bg5 Rd5 22. Rxd5 Nxd5 23. Ng4 Rc8 24. Rc1 Rxc1+ 25. Bxc1 f6 {Accuracy: White = 68%, Black = 96%.} 1/2-1/2

[Event "Tata Steel GCT Blitz 2019"]
[Site "Kolkata"]
[Date "2019.11.26"]
[Round "13"]
[White "So, Wesley"]
[Black "Anand, Viswanathan"]
[Result "0-1"]
[WhiteElo "2760"]
[BlackElo "2757"]
[Annotator "TA RC"]
[PlyCount "82"]
[EventDate "2019.11.25"]
[EventType "tourn"]
[EventCountry "IND"]
[SourceTitle "playchess.com"]
[Source "ChessBase"]
[SourceQuality "1"]

{[%evp 15,116,0,60,55,61,44,35,36,27,37,51,34,39,44,25,17,50,46,47,54,92,72,77,37,43,0,-11,-6,-9,0,45,35,57,-43,-29,-33,-27,-54,-43,-130,-127,-138,-141,-122,-102,-102,-94,-110,-101,-98,-95,-161,-200,-280,-285,-374,-361,-397,-445,-396,-422,-359,-350,-502,-479,-591,-579,-541,-553,-741,-732,-712,-676,-861,-865,-722,-714,-959,-594,-705,-684,-940,-621,-697,-692,-787,-920,-955,-945,-29971,-29970,-29966,-29967,-29975,-29976,-29977,-29979,-29979,-29980,-29979,-29980,-29975,-29971]} 1. e4 c5 2. Nf3 d6 3. Bb5+ Nd7 4. d4 cxd4 5. Qxd4 a6 6. Bxd7+ Bxd7 7. Nc3 e6 8. Bg5 Nf6 ({Black should play} 8... f6 $11 9. Be3 Ne7) 9. O-O-O $14 {B51: Sicilian: Moscow Variation (3 Bb5+) without 3...Bd7} h6 10. Bh4 e5 11. Qd3 {White is slightly better.} (11. Bxf6 Qxf6 12. Qb6 Qd8 13. Qxb7 Qb8 14. Qxb8+ Rxb8 15. Rd5 Be7 16. Rhd1 Be6 {1-0 (31) Ni,S (2444)-Shuvalova,P (2416) Qinhuangdao 2018}) 11... g5 12. Bg3 Rc8 $146 ({Predecessor:} 12... Qc7 13. Rhe1 Rc8 14. h4 g4 15. Nd2 b5 16. a3 Rg8 {1-0 (45) Engel,L (2304)-Martin,J (2337) Willingen 2017}) 13. Kb1 Be7 14. h4 g4 15. Nd2 Be6 16. h5 Qa5 {[#] ...Rxc3! is the strong threat.} 17. Nb3 Qb4 18. Bh4 Nd7 19. Qe3 Qb6 20. Qe2 (20. Qd2 $14) 20... Rxc3 $11 21. bxc3 a5 {[%cal Ba6a5,Ba5a4][%mdl 32]} 22. Ka1 a4 23. Nd2 Qc5 {[#] aiming for ...Qa3!} 24. Qd3 (24. Qe3 $1 $14) 24... Bxh4 $15 25. Rxh4 Qxf2 $40 {[%mdl 128] Black mounts an attack.} 26. Rhh1 O-O 27. Qxd6 ({White should try} 27. Rde1 $15) 27... Rc8 $17 28. Rhf1 Qxg2 29. Qd3 Qh3 30. Qxh3 gxh3 31. Rf3 Kf8 {[%mdl 1024] And now ...Bg4 would win. Black has strong compensation.} 32. Rh1 Ke7 33. Re3 (33. Nf1 $17) 33... Rg8 $19 34. Nf3 Rg3 35. Rhe1 Nf6 36. Nxe5 Rxe3 37. Rxe3 Ng4 38. Rxh3 {Strongly threatening Nxg4.} Nxe5 {[%mdl 4096] Endgame} 39. Rg3 (39. Rh1 {was necessary.} Bd7 40. Kb2) 39... Kf6 40. Kb2 Nc4+ 41. Kc1 b5 {Played: Nc4-d6} 0-1